| 000 | 00745nam a22002177a 4500 | ||
|---|---|---|---|
| 005 | 20251108173550.0 | ||
| 008 | 250721s1996 xx 000 0 ara d | ||
| 082 | 1 | 4 | _a330.9565/مؤت |
| 100 | 1 |
_aالحوراني، هاني _eAdvis. |
|
| 245 | 1 | 0 | _aالإقتصاد الأردني في إطاره الإقليمي و الدولي ( أوراق مؤتمر) / |
| 264 | 1 |
_aعمان : _bدار سندباد للنشر، _c1996. |
|
| 300 | _a519 ص. | ||
| 650 | 1 | 7 | _aالعلوم الإجتماعية |
| 650 | 1 | 7 | _aالإقتصاد |
| 650 | 1 | 7 | _aتاريخ الأردن |
| 650 | 1 | 7 | _aالأحوال الإقتصادية |
| 700 | 1 | _aالوزني، خالد | |
| 700 | 1 | _aأبو رمان، حسين | |
| 942 |
_2ddc _cBK |
||
| 999 |
_c106961 _d106961 |
||